[Event "2. Bundesliga West 2006/2007"]
[Site "Lustenau"]
[Date "2007.03.03"]
[Round "10.6"]
[White "Thoeny, Hermann"]
[Black "Eybl, Alexander"]
[Result "1/2-1/2"]
[WhiteElo "2113"]
[BlackElo "2213"]
[PlyCount "30"]
[EventDate "2006.10.21"]
[SourceDate "2006.10.21"]

1. d4 Nf6 2. Nf3 e6 3. g3 c5 4. Bg2 cxd4 5. Nxd4 a6 6. O-O Qc7 7. Nb3 Nc6 8.
Bf4 d6 9. c4 b6 10. Nc3 Rb8 11. Rc1 Ne5 12. Ne4 Nxe4 13. Bxe4 Bb7 14. Bxb7 Rxb7
15. Nd4 Qd7 1/2-1/2

[Event "2. Bundesliga West 2006/2007"]
[Site "Lustenau"]
[Date "2007.03.04"]
[Round "11.1"]
[White "Halasz, Tamas"]
[Black "Bromberger, Stefan"]
[Result "1/2-1/2"]
[WhiteElo "2366"]
[BlackElo "2415"]
[PlyCount "42"]
[EventDate "2006.10.21"]
[SourceDate "2006.10.21"]

1. d4 Nf6 2. Nf3 g6 3. c4 Bg7 4. Nc3 O-O 5. e4 d6 6. Be2 e5 7. O-O Nc6 8. d5
Ne7 9. b4 a5 10. Ba3 b6 11. bxa5 Nh5 12. Re1 f5 13. Qb3 Rxa5 14. Bb4 Ra8 15. a4
Rb8 16. Qa3 Nf6 17. Bd3 fxe4 18. Nxe4 Nxe4 19. Bxe4 Kh8 20. a5 bxa5 21. Bxa5
Bg4 1/2-1/2

[Event "2. Bundesliga West 2006/2007"]
[Site "Lustenau"]
[Date "2007.03.04"]
[Round "11.1"]
[White "Heinzel, Olaf"]
[Black "Blaskowski, Johannes"]
[Result "1-0"]
[WhiteElo "2376"]
[BlackElo "2351"]
[PlyCount "93"]
[EventDate "2006.10.21"]
[SourceDate "2006.10.21"]

1. Nf3 Nf6 2. g3 g6 3. Bg2 Bg7 4. O-O O-O 5. c4 c5 6. d4 cxd4 7. Nxd4 Nc6 8.
Nc3 a6 9. Nb3 d6 10. c5 Be6 11. cxd6 Qxd6 12. Qxd6 exd6 13. Bf4 Rfd8 14. Rfd1
Ne8 15. Rd2 Kf8 16. Rad1 Ke7 17. Nd5+ Bxd5 18. Bxd5 Rd7 19. Bg2 Ne5 20. Na5 Rb8
21. Rc2 b6 22. Nb3 Rc7 23. Rxc7+ Nxc7 24. Nd4 Re8 25. Rc1 Ne6 26. Nxe6 Kxe6 27.
Rc7 Rb8 28. Bb7 h6 29. e4 g5 30. Bd5+ Kf6 31. Bxe5+ dxe5 32. Rxf7+ Kg6 33. Rc7
a5 34. Kg2 Bf8 35. Rc6+ Kg7 36. Re6 Bc5 37. Rxe5 Rf8 38. f3 Rc8 39. h4 Be3 40.
Kh3 h5 41. hxg5 Rc1 42. Re7+ Kg6 43. f4 Bc5 44. Rd7 Rh1+ 45. Kg2 Rg1+ 46. Kh2
h4 47. Bf7+ 1-0

[Event "2. Bundesliga West 2006/2007"]
[Site "Lustenau"]
[Date "2007.03.04"]
[Round "11.1"]
[White "Neuschmied, Siegfried"]
[Black "Gatterer, Florian"]
[Result "0-1"]
[WhiteElo "2254"]
[BlackElo "2185"]
[PlyCount "128"]
[EventDate "2006.10.21"]
[SourceDate "2006.10.21"]

1. e4 c6 2. d4 d5 3. Nc3 dxe4 4. Nxe4 Bf5 5. Ng3 Bg6 6. h4 h6 7. h5 Bh7 8. Nf3
Nd7 9. Bd3 Bxd3 10. Qxd3 e6 11. Bf4 Qa5+ 12. c3 Ngf6 13. b4 Qd8 14. O-O Be7 15.
a3 O-O 16. Rae1 a5 17. Re2 axb4 18. axb4 Nd5 19. Bc1 b5 20. Ne5 Nxe5 21. Rxe5
Bd6 22. Ree1 Qh4 23. Re4 Qd8 24. Ne2 f5 25. Rxe6 Qd7 26. Rg6 Ne7 27. Rxd6 Qxd6
28. Bf4 Qf6 29. c4 bxc4 30. Qxc4+ Qf7 31. Qc5 Rfc8 32. Be5 Nd5 33. Ng3 Qd7 34.
Rc1 Kh8 35. Qd6 Qxd6 36. Bxd6 f4 37. Nf5 Kh7 38. Be5 g6 39. hxg6+ Kxg6 40. Nd6
Nxb4 41. Nxc8 Rxc8 42. Rc3 Nd5 43. Rc5 Kf5 44. f3 h5 45. Kh2 h4 46. Kh3 Rg8 47.
Rxc6 Rg3+ 48. Kh2 h3 49. gxh3 Rxf3 50. Rc2 Rb3 51. Rf2 Ke4 52. h4 Rb6 53. Kh3
Rg6 54. h5 Rg3+ 55. Kh4 Rg1 56. Kh3 f3 57. Rb2 Ne3 58. h6 Rg6 59. Bg7 Rg5 60.
Kh4 Rg2 61. Rb1 f2 62. h7 Rh2+ 63. Kg3 f1=Q 64. h8=Q Qg2# 0-1

[Event "2. Bundesliga West 2006/2007"]
[Site "Lustenau"]
[Date "2007.03.04"]
[Round "11.1"]
[White "Hengl, Christian"]
[Black "Grundherr, Martin"]
[Result "1/2-1/2"]
[WhiteElo "2200"]
[BlackElo "2326"]
[PlyCount "29"]
[EventDate "2006.10.21"]
[SourceDate "2006.10.21"]

1. e4 c6 2. d4 d5 3. Nc3 dxe4 4. Nxe4 Nd7 5. Bc4 Ngf6 6. Ng5 e6 7. Qe2 Nb6 8.
Bb3 h6 9. N5f3 c5 10. Bf4 Nbd5 11. Bg3 Qa5+ 12. Kf1 b5 13. dxc5 Bxc5 14. Ne5
O-O 15. Ngf3 1/2-1/2

[Event "2. Bundesliga West 2006/2007"]
[Site "Lustenau"]
[Date "2007.03.04"]
[Round "11.1"]
[White "Muehlbacher, Bernhard"]
[Black "Meier, Alexander"]
[Result "1/2-1/2"]
[WhiteElo "2042"]
[BlackElo "2173"]
[PlyCount "21"]
[EventDate "2006.10.21"]
[SourceDate "2006.10.21"]

1. c4 c6 2. Nc3 d5 3. e4 dxe4 4. Nxe4 Bf5 5. Ng3 Bg6 6. Nf3 Nf6 7. d4 e6 8. Be2
Nbd7 9. O-O Bd6 10. Nh4 O-O 11. Nxg6 1/2-1/2

[Event "2. Bundesliga West 2006/2007"]
[Site "Lustenau"]
[Date "2007.03.04"]
[Round "11.2"]
[White "Lawitsch, Guenther"]
[Black "Pitl, Gregory"]
[Result "1-0"]
[WhiteElo "2231"]
[BlackElo "2330"]
[PlyCount "93"]
[EventDate "2006.10.21"]
[SourceDate "2006.10.21"]

1. d4 Nf6 2. Nf3 e6 3. c4 c5 4. d5 exd5 5. cxd5 Bd6 6. Nc3 Bc7 7. e4 d6 8. Bb5+
Nbd7 9. a4 O-O 10. O-O a6 11. Bd3 Re8 12. Re1 Nf8 13. h3 Ng6 14. Nh2 Ba5 15. f4
Rb8 16. Nf3 b5 17. axb5 axb5 18. Rxa5 Qxa5 19. e5 Nd7 20. Ne4 dxe5 21. Nd6 e4
22. Bxe4 Rf8 23. Bf5 Qc7 24. Nxc8 Rbxc8 25. d6 Qc6 26. Ne5 Ngxe5 27. fxe5 Rce8
28. Bf4 Re6 29. Bxe6 fxe6 30. Qg4 Qd5 31. Kh2 Rf5 32. Bg3 Rf7 33. Qe2 Qb3 34.
Ra1 Qd5 35. Rd1 Qb3 36. Ra1 Qd5 37. Qxb5 Nxe5 38. Re1 Nc6 39. Rc1 Rf5 40. Qb7
Rf7 41. Qb5 Rf5 42. b4 Nxb4 43. d7 Nc6 44. Qxc6 Qxc6 45. d8=Q+ Kf7 46. Bd6 Rd5
47. Qe7+ 1-0

[Event "2. Bundesliga West 2006/2007"]
[Site "Lustenau"]
[Date "2007.03.04"]
[Round "11.2"]
[White "Marchhart, Matthias"]
[Black "Gruber, Michael"]
[Result "0-1"]
[WhiteElo "2123"]
[BlackElo "2074"]
[PlyCount "117"]
[EventDate "2006.10.21"]
[SourceDate "2006.10.21"]

1. e4 c5 2. Nf3 d6 3. d4 cxd4 4. Nxd4 Nf6 5. Nc3 a6 6. a4 Nc6 7. Be2 e5 8. Nb3
Be7 9. Be3 Be6 10. Nd5 O-O 11. Bf3 Bxd5 12. exd5 Na5 13. Nd2 Qc7 14. b3 Qc3 15.
O-O b5 16. Ra2 b4 17. Qe2 Nd7 18. g4 Qc7 19. Kh1 Qd8 20. Qd3 Qc8 21. Ne4 Nb7
22. Ng3 g6 23. Bh6 Re8 24. Rg1 Nbc5 25. Qf1 Bf8 26. Qh3 Nf6 27. Bxf8 Rxf8 28.
Qh4 Qd8 29. Qh6 Kh8 30. Qd2 a5 31. Raa1 Rc8 32. Rae1 Qc7 33. Qg5 Qd8 34. h4 Ng8
35. Qe3 Qxh4+ 36. Kg2 Qh6 37. g5 Qg7 38. Rh1 f5 39. Qd2 Ne7 40. Bd1 Qf7 41. f4
Qxd5+ 42. Qxd5 Nxd5 43. fxe5 f4 44. Nf1 Rce8 45. Bf3 Nc3 46. e6 Rxe6 47. Nd2
Rfe8 48. Rxe6 Rxe6 49. Nc4 d5 50. Bg4 dxc4 51. Bxe6 Nxe6 52. Re1 cxb3 53. cxb3
Nd4 54. Re8+ Kg7 55. Re7+ Kf8 56. Ra7 Nxb3 57. Kf3 Nd2+ 58. Kxf4 b3 59. Ke5 0-1

[Event "2. Bundesliga West 2006/2007"]
[Site "Lustenau"]
[Date "2007.03.04"]
[Round "11.2"]
[White "Riedl, Johannes"]
[Black "Lickleder, Andreas"]
[Result "1/2-1/2"]
[WhiteElo "2083"]
[BlackElo "2245"]
[PlyCount "77"]
[EventDate "2006.10.21"]
[SourceDate "2006.10.21"]

1. e4 c5 2. Nf3 d6 3. d4 cxd4 4. Nxd4 Nf6 5. Nc3 a6 6. Be2 e5 7. Nb3 Be7 8. Be3
O-O 9. O-O Be6 10. Qd2 Nbd7 11. a4 Qc7 12. a5 Rac8 13. f3 Rfd8 14. Rfd1 Nc5 15.
Nxc5 dxc5 16. Qe1 Rxd1 17. Qxd1 c4 18. Qf1 Bb4 19. Bb6 Bc5+ 20. Bxc5 Qxc5+ 21.
Qf2 Qb4 22. Nd1 Rd8 23. c3 Qb3 24. Qe3 h6 25. Kf1 Nh5 26. g3 Nf6 27. Qc1 Ne8
28. Ra3 Qb5 29. b4 f5 30. Nf2 Nf6 31. Ra2 fxe4 32. fxe4 Rf8 33. Ke1 Qc6 34. Qe3
Bf7 35. Rd2 Bg6 36. Bf3 Ne8 37. Be2 Nf6 38. Bf3 Kh7 39. Rd1 1/2-1/2

[Event "2. Bundesliga West 2006/2007"]
[Site "Lustenau"]
[Date "2007.03.04"]
[Round "11.2"]
[White "Durakovic, Alman"]
[Black "Kranebitter, Gerhard"]
[Result "1-0"]
[WhiteElo "2118"]
[BlackElo "1996"]
[PlyCount "83"]
[EventDate "2006.10.21"]
[SourceDate "2006.10.21"]

1. d4 e6 2. c4 d5 3. Nc3 Nf6 4. cxd5 exd5 5. Bg5 c6 6. e3 Bf5 7. Qf3 Bg6 8.
Bxf6 gxf6 9. a3 Bd6 10. Nge2 Qe7 11. Ng3 Qe6 12. Be2 Nd7 13. Rc1 h5 14. h4 f5
15. O-O Nf6 16. Rfe1 Ne4 17. Nf1 Ke7 18. Bd3 Rag8 19. Ne2 Bb8 20. Nf4 Qf6 21.
g3 Qd6 22. b4 a6 23. Rc2 Qd7 24. Rb1 Kf8 25. a4 Kg7 26. b5 axb5 27. axb5 Kh6
28. Nd2 Bd6 29. bxc6 bxc6 30. Rb6 Rc8 31. Ba6 Nxd2 32. Rxd2 Rb8 33. Rdb2 Qa7
34. Rxb8 Rxb8 35. Rxb8 Qxb8 36. Kg2 Qb1 37. Bd3 Qb8 38. Bxf5 Qe8 39. Nh3 Bxf5
40. Qxf5 Qe4+ 41. Qxe4 dxe4 42. Ng5 1-0

[Event "2. Bundesliga West 2006/2007"]
[Site "Lustenau"]
[Date "2007.03.04"]
[Round "11.3"]
[White "Hugentobler, Patrick"]
[Black "Schmidt, Georg"]
[Result "1-0"]
[WhiteElo "2194"]
[BlackElo "2335"]
[PlyCount "87"]
[EventDate "2006.10.21"]
[SourceDate "2006.10.21"]

1. e4 e6 2. d4 d5 3. Nc3 Nf6 4. e5 Nfd7 5. f4 c5 6. Nf3 Nc6 7. Be3 a6 8. Qd2 b5
9. dxc5 Bxc5 10. Bxc5 Nxc5 11. Bd3 b4 12. Ne2 Qb6 13. Ned4 Nxd4 14. Nxd4 Na4
15. b3 Nc3 16. Qf2 a5 17. Nb5 Qxf2+ 18. Kxf2 Nxb5 19. Bxb5+ Bd7 20. Bxd7+ Kxd7
21. a3 Rhc8 22. Rhc1 bxa3 23. Rxa3 a4 24. bxa4 Rc4 25. a5 Rxf4+ 26. Ke3 Rc4 27.
Rf1 Ke7 28. Rb1 Rc7 29. a6 f6 30. exf6+ gxf6 31. Rb6 Kd7 32. Kd2 Rac8 33. c3
Rc6 34. Rb7+ R6c7 35. Rab3 Rxb7 36. Rxb7+ Kd6 37. a7 Ra8 38. Rxh7 f5 39. h4 Ke5
40. Rf7 Kf4 41. Rg7 e5 42. h5 e4 43. h6 d4 44. cxd4 1-0

[Event "2. Bundesliga West 2006/2007"]
[Site "Lustenau"]
[Date "2007.03.04"]
[Round "11.3"]
[White "Sprotte, Norbert"]
[Black "Doskocil, Klaus"]
[Result "1/2-1/2"]
[WhiteElo "2274"]
[BlackElo "2111"]
[PlyCount "85"]
[EventDate "2006.10.21"]
[SourceDate "2006.10.21"]

1. Nf3 g6 2. g3 Bg7 3. Bg2 Nf6 4. d4 d6 5. b3 Nbd7 6. Bb2 c6 7. O-O O-O 8. c4
Re8 9. Nc3 e5 10. dxe5 dxe5 11. Qc2 Qc7 12. Rad1 Bf8 13. Ng5 Nc5 14. b4 Ne6 15.
Nce4 Be7 16. Nxf6+ Bxf6 17. Ne4 Bg7 18. Nd6 Rd8 19. Nxc8 Raxc8 20. Bh3 f5 21.
e4 Ng5 22. Bg2 f4 23. h4 Nf7 24. c5 Rxd1 25. Rxd1 Rd8 26. Rd3 Qe7 27. Qd1 Rxd3
28. Qxd3 Qe6 29. a3 h6 30. Kh2 g5 31. Bh3 g4 32. Bf1 f3 33. Qc2 Bf6 34. Bc4 Qe7
35. Qb3 Kg7 36. Bxf7 Qxf7 37. Qxf7+ Kxf7 38. h5 Ke6 39. Bc1 Bg7 40. Kg1 Kd7 41.
Kf1 Kc7 42. Be3 Bf8 43. Ke1 1/2-1/2

[Event "2. Bundesliga West 2006/2007"]
[Site "Lustenau"]
[Date "2007.03.04"]
[Round "11.3"]
[White "Fröwis, Georg"]
[Black "Opl, Klaus"]
[Result "1-0"]
[WhiteElo "2162"]
[BlackElo "2324"]
[PlyCount "123"]
[EventDate "2006.10.21"]
[SourceDate "2006.10.21"]

1. e4 e5 2. d4 exd4 3. Nf3 Nc6 4. Nxd4 Bc5 5. Nxc6 bxc6 6. Bd3 Qh4 7. Qf3 Ne7
8. Qf4 Ng6 9. Qxh4 Nxh4 10. O-O O-O 11. Nc3 a5 12. Na4 Ba7 13. c4 Bd4 14. Bf4
d6 15. Rad1 c5 16. Bd2 Ng6 17. Nc3 Ne5 18. Be2 f5 19. Nb5 fxe4 20. Nxc7 Ra7 21.
Nb5 Raf7 22. Be3 Bxe3 23. fxe3 Rxf1+ 24. Rxf1 Rxf1+ 25. Kxf1 Nf7 26. Ke1 Kf8
27. Kd2 Ke7 28. Kc3 Ne5 29. h3 Be6 30. Kb3 d5 31. Ka4 Nd3 32. Kxa5 Nxb2 33. Kb6
Na4+ 34. Ka5 Nb2 35. cxd5 Bxd5 36. Nc3 Nc4+ 37. Bxc4 Bxc4 38. Kb6 Bf1 39. a4
Bxg2 40. a5 Bf1 41. Nb5 Kd7 42. a6 Bc4 43. Kxc5 Bxb5 44. Kxb5 Kc7 45. Kc5 Kb8
46. Kd5 Ka7 47. Kxe4 Kxa6 48. Ke5 Kb7 49. Kd6 Kc8 50. Ke6 Kd8 51. Kf7 g5 52.
Kf6 Ke8 53. Kxg5 Kf7 54. Kf5 Ke7 55. h4 Kf7 56. h5 Ke7 57. h6 Kf7 58. e4 Ke7
59. Ke5 Kf7 60. Kd6 Ke8 61. Ke6 Kf8 62. Kd7 1-0

[Event "2. Bundesliga West 2006/2007"]
[Site "Lustenau"]
[Date "2007.03.04"]
[Round "11.3"]
[White "Peterwagner, Heinz"]
[Black "Mrsic, Robert"]
[Result "1/2-1/2"]
[WhiteElo "2174"]
[BlackElo "2086"]
[PlyCount "25"]
[EventDate "2006.10.21"]
[SourceDate "2006.10.21"]

1. e4 e6 2. d4 d5 3. Nd2 dxe4 4. Nxe4 Qd5 5. Nc3 Bb4 6. Nf3 Nf6 7. Bd2 Bxc3 8.
Bxc3 O-O 9. Bd3 b6 10. Bb4 Re8 11. c4 Qh5 12. Ne5 Bb7 13. Qxh5 1/2-1/2

[Event "2. Bundesliga West 2006/2007"]
[Site "Lustenau"]
[Date "2007.03.04"]
[Round "11.3"]
[White "Haemmerle, Gernot"]
[Black "Hamberger, Hermann"]
[Result "0-1"]
[WhiteElo "1935"]
[BlackElo "2086"]
[PlyCount "68"]
[EventDate "2006.10.21"]
[SourceDate "2006.10.21"]

1. d4 c5 2. d5 Nf6 3. c4 e6 4. Nc3 exd5 5. cxd5 Bd6 6. e4 O-O 7. f4 Nxe4 8.
Nxe4 Re8 9. Qe2 b5 10. Nxd6 Rxe2+ 11. Bxe2 Ba6 12. a4 b4 13. Nb5 Bb7 14. Bf3 d6
15. Be3 a6 16. Nxd6 Qxd6 17. Rd1 Nd7 18. Kf2 Nb6 19. Nh3 Nc4 20. Bc1 Qf6 21. b3
Nd6 22. Rhe1 h6 23. Re5 c4 24. Rde1 cxb3 25. Bb2 Qh4+ 26. Kf1 Rc8 27. Bd1 Nc4
28. Bd4 Nxe5 29. Rxe5 Rc1 30. Re1 Bxd5 31. Bf2 Bc4+ 32. Kg1 Qd8 33. Bf3 Rxe1+
34. Bxe1 b2 0-1

[Event "2. Bundesliga West 2006/2007"]
[Site "Lustenau"]
[Date "2007.03.04"]
[Round "11.4"]
[White "Shchekachev, Andrei"]
[Black "Novkovic, Julia"]
[Result "1-0"]
[WhiteElo "2561"]
[BlackElo "2055"]
[PlyCount "85"]
[EventDate "2006.10.21"]
[SourceDate "2006.10.21"]

1. Nf3 c5 2. c4 g6 3. d4 Bg7 4. e4 cxd4 5. Nxd4 Nc6 6. Be3 Nf6 7. Nc3 O-O 8.
Be2 d6 9. O-O Nd7 10. Qd2 Nxd4 11. Bxd4 Bxd4 12. Qxd4 Qb6 13. Qd2 Nf6 14. Rad1
Be6 15. Rfe1 Rfe8 16. b3 Qc5 17. Bf3 Bg4 18. Bxg4 Nxg4 19. Qf4 Qe5 20. Qxg4
Qxc3 21. Re3 Qc2 22. Qe2 Qxe2 23. Rxe2 Rac8 24. f4 Rc5 25. e5 dxe5 26. Rxe5
Rxe5 27. fxe5 Kf8 28. Kf2 Rb8 29. Ke3 Ke8 30. g4 f5 31. gxf5 gxf5 32. e6 b5 33.
c5 Rc8 34. Rg1 Kf8 35. Kd4 Rd8+ 36. Ke5 Rd2 37. b4 Rxa2 38. Kd5 a5 39. bxa5
Rxa5 40. Kc6 Ra6+ 41. Kb7 Rxe6 42. c6 Re2 43. Rc1 1-0

[Event "2. Bundesliga West 2006/2007"]
[Site "Lustenau"]
[Date "2007.03.04"]
[Round "11.4"]
[White "Kanonier, Clemens"]
[Black "Hecht, Hans Joachim"]
[Result "0-1"]
[WhiteElo "2049"]
[BlackElo "2400"]
[PlyCount "56"]
[EventDate "2006.10.21"]
[SourceDate "2006.10.21"]

1. e4 e5 2. Nf3 Nc6 3. Bc4 Nf6 4. d3 Bc5 5. c3 a6 6. b4 Ba7 7. O-O d6 8. Nbd2
O-O 9. Bb2 Ne7 10. d4 exd4 11. cxd4 Nxe4 12. Nxe4 d5 13. Bb3 dxe4 14. Ng5 Bf5
15. Qd2 Nd5 16. Rae1 Re8 17. g4 Bg6 18. f4 e3 19. Qg2 c6 20. h4 Bd3 21. Bc2
Bxc2 22. Qxc2 g6 23. f5 Qd6 24. Rf3 Re7 25. Ne4 Qxb4 26. Re2 Rae8 27. fxg6 fxg6
28. Nc5 Bxc5 0-1

[Event "2. Bundesliga West 2006/2007"]
[Site "Lustenau"]
[Date "2007.03.04"]
[Round "11.4"]
[White "Bawart, Markus"]
[Black "Natter, Markus"]
[Result "1-0"]
[WhiteElo "2322"]
[BlackElo "2041"]
[PlyCount "83"]
[EventDate "2006.10.21"]
[SourceDate "2006.10.21"]

1. Nf3 e6 2. b3 f5 3. Bb2 Nf6 4. d3 b6 5. g3 Bb7 6. Bg2 Be7 7. O-O O-O 8. Nbd2
Qe8 9. e4 fxe4 10. Ng5 Qg6 11. Ngxe4 Nc6 12. Qe2 Rae8 13. c4 a6 14. Rad1 Kh8
15. Nf3 h6 16. a3 d5 17. Ned2 a5 18. Nb1 Ba8 19. Nc3 Bd8 20. Nb5 Nd7 21. Rfe1
Nc5 22. Qc2 a4 23. b4 Nb3 24. Ne5 Nxe5 25. Bxe5 Qf7 26. f4 Qd7 27. Kh1 Bc6 28.
Nc3 Ba8 29. b5 Nc5 30. Nxa4 Be7 31. Nxc5 Bxc5 32. a4 d4 33. Ra1 c6 34. Reb1 Rc8
35. Qe2 Bb7 36. Be4 cxb5 37. axb5 Ra8 38. Qf3 Bxe4 39. Qxe4 Rxa1 40. Rxa1 Rc8
41. Qg6 Kg8 42. Bxg7 1-0

[Event "2. Bundesliga West 2006/2007"]
[Site "Lustenau"]
[Date "2007.03.04"]
[Round "11.4"]
[White "Klocker, Benedikt"]
[Black "Ljubic, Juro"]
[Result "1-0"]
[WhiteElo "1959"]
[BlackElo "2169"]
[PlyCount "55"]
[EventDate "2006.10.21"]
[SourceDate "2006.10.21"]

1. e4 c5 2. Nf3 b6 3. d4 cxd4 4. Nxd4 Bb7 5. Nc3 a6 6. Be3 e6 7. f3 Qc7 8. Be2
Bb4 9. Qd2 Nf6 10. O-O d5 11. exd5 Bxc3 12. Qxc3 Qxc3 13. bxc3 Nxd5 14. Bd2 Nd7
15. c4 Ne7 16. Rab1 e5 17. Nb3 Nc6 18. Na5 O-O-O 19. Nxc6 Bxc6 20. c5 Nxc5 21.
Rxb6 Rxd2 22. Rxc6+ Kd7 23. Rxc5 Rxe2 24. Rd1+ Ke6 25. Kf1 Re3 26. Rc6+ Kf5 27.
c3 e4 28. Rd5+ 1-0

[Event "2. Bundesliga West 2006/2007"]
[Site "Lustenau"]
[Date "2007.03.04"]
[Round "11.4"]
[White "Huber, David"]
[Black "Klocker, Daniel"]
[Result "0-1"]
[WhiteElo "2120"]
[BlackElo "1938"]
[PlyCount "85"]
[EventDate "2006.10.21"]
[SourceDate "2006.10.21"]

1. Nc3 e5 2. Nf3 Nc6 3. e4 Nf6 4. Bb5 Bb4 5. O-O O-O 6. d3 d6 7. Bg5 Bxc3 8.
bxc3 Bg4 9. h3 Bh5 10. g4 Bg6 11. Nh4 h6 12. Bxc6 bxc6 13. Be3 Nd5 14. Nxg6
Nxe3 15. fxe3 fxg6 16. Rxf8+ Qxf8 17. Rb1 Rb8 18. Kg2 Rb6 19. Rb3 Kh7 20. Qf3
Qxf3+ 21. Kxf3 Kg8 22. g5 Kf7 23. h4 Ke6 24. d4 Ra6 25. a3 Ra5 26. c4 exd4 27.
exd4 hxg5 28. hxg5 Rxg5 29. d5+ cxd5 30. cxd5+ Ke5 31. Rb7 Rh5 32. Rxa7 Rh3+
33. Kg4 Rc3 34. a4 Kxe4 35. a5 Rxc2 36. a6 Kxd5 37. Rb7 Kc6 38. Kg5 Rg2+ 39.
Kh4 Ra2 40. Kg5 Rxa6 41. Rb8 Ra1 42. Kxg6 Rf1 43. Kxg7 0-1

[Event "2. Bundesliga West 2006/2007"]
[Site "Lustenau"]
[Date "2007.03.04"]
[Round "11.4"]
[White "Ladenhauf, Gideon"]
[Black "Stoeckl, Norbert"]
[Result "1/2-1/2"]
[WhiteElo "1820"]
[BlackElo "2053"]
[PlyCount "94"]
[EventDate "2006.10.21"]
[SourceDate "2006.10.21"]

1. d4 Nf6 2. c4 g6 3. Nc3 d5 4. Nf3 Bg7 5. cxd5 Nxd5 6. e4 Nxc3 7. bxc3 O-O 8.
Be2 c5 9. Be3 Qa5 10. Qd2 Nc6 11. O-O cxd4 12. cxd4 Qxd2 13. Bxd2 Nxd4 14. Nxd4
Bxd4 15. Rad1 e5 16. Bc4 Kg7 17. Bd5 Be6 18. Be3 Bxe3 19. Bxe6 fxe6 20. Rd7+
Rf7 21. Rxf7+ Kxf7 22. fxe3+ Ke7 23. Rc1 Rd8 24. Rc2 Rd4 25. Rc7+ Rd7 26. Rc5
Kd6 27. Rc2 Rf7 28. Rc3 b5 29. a3 g5 30. h3 h5 31. Rc8 g4 32. hxg4 hxg4 33. Kh2
a5 34. Ra8 a4 35. Ra6+ Kc5 36. Rxe6 Kc4 37. Rxe5 Rd7 38. Re8 Rb7 39. Rd8 b4 40.
axb4 Ra7 41. b5 Kxb5 42. e5 Re7 43. Rb8+ Kc4 44. Rc8+ Kb3 45. Rb8+ Kc4 46. Rc8+
Kb3 47. Rb8+ Kc4 1/2-1/2

[Event "2. Bundesliga West 2006/2007"]
[Site "Lustenau"]
[Date "2007.03.04"]
[Round "11.5"]
[White "Lanka, Zigurds"]
[Black "Medvegy, Zoltan"]
[Result "1/2-1/2"]
[WhiteElo "2497"]
[BlackElo "2433"]
[PlyCount "38"]
[EventDate "2006.10.21"]
[SourceDate "2006.10.21"]

1. e4 c5 2. Nf3 Nc6 3. d4 cxd4 4. Nxd4 Nf6 5. Nc3 e5 6. Ndb5 d6 7. Bg5 a6 8.
Na3 b5 9. Nd5 Be7 10. Bxf6 Bxf6 11. c3 Bg5 12. Nc2 O-O 13. a4 bxa4 14. Rxa4 a5
15. Bc4 Rb8 16. b3 Kh8 17. O-O f5 18. exf5 Bxf5 19. Ra2 Qd7 1/2-1/2

[Event "2. Bundesliga West 2006/2007"]
[Site "Lustenau"]
[Date "2007.03.04"]
[Round "11.5"]
[White "Dovzik, Juri"]
[Black "Maiwald, Jens Uwe"]
[Result "1/2-1/2"]
[WhiteElo "2406"]
[BlackElo "2548"]
[PlyCount "20"]
[EventDate "2006.10.21"]
[SourceDate "2006.10.21"]

1. e4 d6 2. d4 Nf6 3. Nc3 e5 4. Nf3 Nbd7 5. Bc4 Be7 6. O-O O-O 7. Re1 c6 8. a4
a5 9. h3 Nb6 10. Bf1 Nfd7 1/2-1/2

[Event "2. Bundesliga West 2006/2007"]
[Site "Lustenau"]
[Date "2007.03.04"]
[Round "11.5"]
[White "Gross, David"]
[Black "Webersberger, Johann"]
[Result "1-0"]
[WhiteElo "2471"]
[BlackElo "2244"]
[PlyCount "55"]
[EventDate "2006.10.21"]
[SourceDate "2006.10.21"]

1. e4 c6 2. d4 d5 3. Nd2 dxe4 4. Nxe4 Bf5 5. Ng3 Bg6 6. h4 h6 7. Nf3 Nd7 8. h5
Bh7 9. Bd3 Bxd3 10. Qxd3 Ngf6 11. Bf4 Qa5+ 12. Bd2 Qc7 13. O-O-O O-O-O 14. Ne4
e6 15. g3 Nc5 16. Nxc5 Bxc5 17. Qe2 Bd6 18. c4 c5 19. Bc3 cxd4 20. Nxd4 Qb6 21.
Nb5 a6 22. Ba5 Qxa5 23. Nxd6+ Rxd6 24. Rxd6 Qxa2 25. Rhd1 Qa5 26. f4 Qxh5 27.
Qd2 Kc7 28. Qb4 1-0

[Event "2. Bundesliga West 2006/2007"]
[Site "Lustenau"]
[Date "2007.03.04"]
[Round "11.5"]
[White "Zoister, Stefan"]
[Black "Schiestl, Josef"]
[Result "1/2-1/2"]
[WhiteElo "2229"]
[BlackElo "2125"]
[PlyCount "22"]
[EventDate "2006.10.21"]
[SourceDate "2006.10.21"]

1. e4 c5 2. Nf3 e6 3. d4 cxd4 4. Nxd4 a6 5. Bd3 Bc5 6. Nb3 Ba7 7. Be3 d6 8. Nc3
Ne7 9. Bxa7 Rxa7 10. O-O e5 11. Bc4 O-O 1/2-1/2

[Event "2. Bundesliga West 2006/2007"]
[Site "Lustenau"]
[Date "2007.03.04"]
[Round "11.5"]
[White "Kroell, Johannes"]
[Black "Bensch, Patrick"]
[Result "1/2-1/2"]
[WhiteElo "2125"]
[BlackElo "2196"]
[PlyCount "107"]
[EventDate "2006.10.21"]
[SourceDate "2006.10.21"]

1. Nc3 c5 2. g4 e6 3. e4 b6 4. d3 Bb7 5. Nge2 g6 6. Bf4 d6 7. Bg2 a6 8. Qd2 Bg7
9. Ng3 Nc6 10. h4 b5 11. h5 b4 12. Nd1 a5 13. h6 Be5 14. Be3 Bd4 15. f4 Nge7
16. c3 Bxe3 17. Nxe3 d5 18. g5 d4 19. Ng4 O-O 20. c4 Qc7 21. O-O Kh8 22. Rf3
Nb8 23. Rf2 Nd7 24. Nf6 Rad8 25. Bh3 Ng8 26. Nxg8 Kxg8 27. e5 Nb6 28. Bg2 Bxg2
29. Rxg2 Nc8 30. Ne4 Ne7 31. Qd1 Nf5 32. Qa4 Rb8 33. Nf6+ Kh8 34. Nd7 Ne3 35.
Rf2 Rfd8 36. Nxb8 Rxb8 37. b3 Ng4 38. Re2 Qb7 39. Re4 Kg8 40. Qxa5 Qc6 41. a4
Ne3 42. Qa7 Re8 43. a5 Ra8 44. Qe7 Nf5 45. Qf6 Qa6 46. Re2 Re8 47. Ra4 Rc8 48.
Re4 Re8 49. Kf2 Rb8 50. Ke2 Re8 51. Kd2 Rf8 52. Kc2 Re8 53. Kb1 Rf8 54. Kb2
1/2-1/2

[Event "2. Bundesliga West 2006/2007"]
[Site "Lustenau"]
[Date "2007.03.04"]
[Round "11.5"]
[White "Ager, Josef"]
[Black "Platzgummer, Fabian"]
[Result "1/2-1/2"]
[WhiteElo "2213"]
[BlackElo "2076"]
[PlyCount "80"]
[EventDate "2006.10.21"]
[SourceDate "2006.10.21"]

1. c4 Nf6 2. g3 c5 3. Bg2 d5 4. cxd5 Nxd5 5. Nc3 Nc7 6. Nf3 Nc6 7. O-O g6 8.
Rb1 Bg7 9. a3 O-O 10. b4 cxb4 11. axb4 Bf5 12. e4 Bg4 13. h3 Be6 14. b5 Nd4 15.
Nxd4 Bxd4 16. Qe2 Rc8 17. Ba3 Qd7 18. Kh2 Ne8 19. Nd5 Bxd5 20. exd5 Nd6 21. Qd3
Bg7 22. Rfe1 Rfe8 23. h4 Nc4 24. Bh3 e6 25. Bb4 f5 26. Bg2 e5 27. d6 e4 28. Qb3
Kh8 29. d3 Nxd6 30. Qd5 Rcd8 31. Bxd6 Qxd6 32. dxe4 Qb6 33. Qa2 f4 34. Qe2 Be5
35. Red1 Qf6 36. Qg4 h5 37. Qh3 g5 38. hxg5 Qxg5 39. gxf4 Bxf4+ 40. Kg1 Rg8
1/2-1/2